Trasy europejskie w Polsce. - Statystyki

Ogólne statystyki
  • Ten quiz został rozwiązany 30 razy
  • Średni wynik to 6 z 13
Statystyki odpowiedzi
Odpowiedź % Poprawnych
7. E 75
72%
8. E 77
66%
2. E 30
62%
4. E 40
62%
5. E 65
59%
1. E 28
55%
6. E 67
55%
3. E 36
52%
9. E 261
34%
13. E 462
31%
10. E 371
28%
11. E 372
28%
12. E 373
28%
Nie znaleziono quizów pasujących do podanych kryteriów
Rozkład punktacji
Procent ludzi z każdym wynikiem
Percentyl według liczby udzielonych odpowiedzi
Twoja historia wyników
Nie rozwiązałeś tego quizu